LIBRARY ONLINE CATALOGUE

Stanley : (Record no. 12325)

MARC details
000 -LEADER
fixed length control field 00531cam a22001812 4500
001 - CONTROL NUMBER
control field 0000000457
005 - DATE AND TIME OF LATEST TRANSACTION
control field 20151217155801.0
008 - FIXED-LENGTH DATA ELEMENTS--GENERAL INFORMATION
fixed length control field 070202s xx 000 0 eng d
040 ## - CATALOGING SOURCE
Original cataloging agency KABU
Transcribing agency KABU
050 #0 - LIBRARY OF CONGRESS CALL NUMBER
Classification number DT351
Item number .S7S65
100 1# - MAIN ENTRY--PERSONAL NAME
Personal name Smith, Fredrika Shumway.
-- 0000042977
245 10 - TITLE STATEMENT
Title Stanley :
Remainder of title an African explorer /
Statement of responsibility, etc. Fredrika Shumway Smith.
260 ## - PUBLICATION, DISTRIBUTION, ETC. (IMPRINT)
Place of publication, distribution, etc. Folkeston, England :
Name of publisher, distributor, etc. Bailey Bross,
Date of publication, distribution, etc. 1972.
300 ## - PHYSICAL DESCRIPTION
Extent 240 p.
908 ## - PUT COMMAND PARAMETER (RLIN)
Put command parameter 070202
950 ## - LOCAL HOLDINGS (RLIN)
-- 1
Holdings
Withdrawn status Lost status Source of classification or shelving scheme Not for loan Home library Current library Date acquired Total Checkouts Full call number Barcode Date last seen Price effective from Koha item type
    Library of Congress Classification   Kabarak, Main Campus Kabarak, Main Campus 17/12/2015   DT351 .S7S65 006473 17/12/2015 17/12/2015 Africana Collection